Κατάλογος Βιβλιοθηκών Mediterranean College

The Politics of Pictures / The Creation of the Public in the Age of Popular Media (Record no. 462)

MARC details
000 -LEADER
fixed length control field 01203cam a22002054a 4500
005 - ΗΜΕΡΟΜΗΝΙΑ ΚΑΙ ΩΡΑ ΤΕΛΕΥΤΑΙΑΣ ΕΝΗΜΕΡΩΣΗΣ
Πεδίο ελέγχου 20250605163935.0
008 - FIXED-LENGTH DATA ELEMENTS--GENERAL INFORMATION
Πεδίο ελέγχου σταθερού μήκους 250528s ||||||||||||||||||||||||d
035 ## - SYSTEM CONTROL NUMBER
System control number 14851
020 ## - ISBN
ISBN 415015421
040 ## - ΠΗΓΗ ΚΑΤΑΛΟΓΟΓΡΑΦΗΣΗΣ
Φορέας πρωτότυπης καταλογογράφησης MC Athens Campus Library
Γλώσσα καταλογογράφησης Ελληνικά, Μοντέρνα (1453-)
Modifying agency MC Athens Campus Library
Κανόνες περιγραφικής καταλογογράφησης AACR2
245 1# - ΤΙΤΛΟΣ ΚΑΙ ΔΗΛΩΣΗ ΥΠΕΥΘΥΝΟΤΗΤΑΣ
Τίτλος The Politics of Pictures / The Creation of the Public in the Age of Popular Media
250 ## - EDITION STATEMENT
Edition statement 1st
260 ## - PUBLICATION, DISTRIBUTION, ETC.
Name of publisher, distributor, etc. Rouledge,
Date of publication, distribution, etc. 1992
300 ## - PHYSICAL DESCRIPTION
Extent 242
520 ## - SUMMARY, ETC.
Summary, etc. This book searches for the public in the realm of media, where citizens are now literally represented on screen and on page. Acknowledgements, Publicity (Introduction), Public Pictures, Popular Reality: A (Hair) Brush with Cultural Studies, Agoraphilia: The Politics of Pictures, No Picnic: For All Flesh is as Grass, Power Viewing: A Glance at Pervasion in the Postmodern Perplex, The Pictures of Politics, The Smiling Professions: From a Sea Monster to Synchronized Swimming, Heliography: Journalism and the Visualization of Truth, Common Sense: Universal v. Adversarial Journalism, Journalism in a Post-Truth Society: The Sexualization of the Body Politic, Notes, Bibliography, Index.
700 1# - ΠΡΟΣΘΕΤΗ ΑΝΑΓΡΑΦΗ--ΦΥΣΙΚΟ ΠΡΟΣΩΠΟ
Personal name Hartley John
9 (RLIN) 623
942 ## - ADDED ENTRY ELEMENTS (KOHA)
Koha item type Books
Holdings
Τύπος τεκμηρίου Βιβλιοθήκη Τρέχουσα τοποθεσία Barcode Αριθμός εισαγωγής Ημερομηνία απόκτησης Ταξιθετικό σύμβολο Αριθμός αντιτύπου Κατάσταση απόσυρσης Κατάσταση χαμένου Κατάσταση κατεστραμμένου Μη δανεισμός Σύνολο δανεισμών Ημερομηνία τελευταίας εμφάνισης Η τιμή ισχύει από
Books MC Athens Campus Library MC Athens Campus Library 9780000004611 5522 05/06/2025 302.23 HAR 1           05/06/2025 05/06/2025

MC Athens Campus Library
Πατησίων 94 & Κοδριγκτώνος 13, 104 34
Πελλήνης 8 & Πατησίων 107, 112 51
Τ: +30 210 8899600

MC Thessaloniki Campus Library
Ίωνος Δραγούμη 21, 54625 | Ίωνος Δραγούμη 15, 54625
Τ: +30 2310 287779 – Τ: +30 2314 440300